| 000 | 00804nam a22002177a 4500 | ||
|---|---|---|---|
| 999 |
_c8319 _d8319 |
||
| 003 | AR-CdUCM | ||
| 008 | 190322b ||||| |||| 00| 0 spa d | ||
| 020 | _a968-16-3616-3 | ||
| 040 |
_aMUNICIPALIDAD PROVINCIAL DEL CUSCO _cBIBLIOTECA MUNICIPAL DEL CUSCO |
||
| 082 |
_a574.5 / _bM26 |
||
| 100 |
_aMartínez Alier, Joan _923364 |
||
| 245 | _aLa ecología y la economía / | ||
| 260 |
_aMexico : _bFondo de cultura económica, _c1991. |
||
| 300 |
_a367 páginas ; _c22 cm. |
||
| 505 | _aContenido : La agricultura moderna ¿fuentes de energía? -- El estudio del flujo de energía en la agricultura -- La formulación del principio de Podolinsky por Eduard Sacher ... | ||
| 650 |
_aAgricultura _9320 |
||
| 650 |
_aEcología _94960 |
||
| 650 |
_aEconomía _9382 |
||
| 942 |
_2ddc _cLIBROS |
||
| 945 | _arah | ||